Eastern Utah Libraries Catalog: Duchesne, Heber, Roosevelt, & Vernal

Upside Down (Record no. 390230)

MARC details
000 -LEADER
fixed length control field 00541nam a22001935 4500
001 - CONTROL NUMBER
control field BK0030533112
005 - DATE AND TIME OF LATEST TRANSACTION
control field 20231127113513.0
008 - FIXED-LENGTH DATA ELEMENTS--GENERAL INFORMATION
fixed length control field 231107s2024 xx 000 1 eng d
020 ## - INTERNATIONAL STANDARD BOOK NUMBER
International Standard Book Number 9780593498378 : HRD
Terms of availability 28.99
020 ## - INTERNATIONAL STANDARD BOOK NUMBER
International Standard Book Number 0593498372 : HRD
Terms of availability 28.99
037 ## - SOURCE OF ACQUISITION
Source of stock number/acquisition Random House Inc, Attn Order Entry 400 Hahn rd, Westminster, MD, USA, 21157
Note SAN 201-3975
050 ## - LIBRARY OF CONGRESS CALL NUMBER
Classification number PS
082 ## - DEWEY DECIMAL CLASSIFICATION NUMBER
Classification number 813
092 ## - LOCALLY ASSIGNED DEWEY CALL NUMBER (OCLC)
Classification number 813.0000
100 ## - MAIN ENTRY--PERSONAL NAME
Personal name Steel, Danielle
245 00 - TITLE STATEMENT
Title Upside Down
264 #1 - Production, Publication, Distribution, Manufacture, and Copyright Notice.
Name of producer, publisher, distributor, manufacturer Random House Inc
Date of production, publication, distribution, manufacture, or copyr 2024
300 ## - PHYSICAL DESCRIPTION
Extent 256 p. ;
Holdings
Withdrawn status Lost status Source of classification or shelving scheme Damaged status Not for loan Collection code Home library Current library Shelving location Date acquired Source of acquisition Total Checkouts Total Renewals Full call number Barcode Date last seen Date checked out Cost, replacement price Price effective from Koha item type
    Dewey Decimal Classification     Fiction Wasatch County Library Wasatch County Library First Floor 01/11/2024 Micromarketing 16 7 F Steel 34301002080267 02/06/2026 01/15/2026 28.99 01/11/2024 BOOK
This project was made possible through a grant from the Institute of Museum and Library Service administered by the Utah State Library Division.

Wasatch County Library

  • 465 East 1200 South, Heber City, Utah 84032
  • Phone 435-654-1511 | Fax 435-654-6456

Hours

  • Monday - Friday 9:30 AM - 8:00 PM
  • Saturday 9:30 AM - 1:30 PM
  • Closed Sundays and Holidays